[Event "DVM U12w 2024"]
[Site "Bad Homburg GER"]
[Date "2024.12.28"]
[Round "3"]
[White "Seyedfakhari, Elena"]
[Black "Weißleder, Emia"]
[Result "1-0"]
[Termination "normal"]
[Board "3.3"]
[WhiteElo "986"]
[BlackElo "1118"]
[WhiteClock "01:32:32"]
[BlackClock "01:18:12"]
[WhiteTeam "SchVgg Blankenese 1923"]
[BlackTeam "SV Empor Erfurt"]
[PlyCount "59"]
[WhiteFideId "34639888"]
[BlackFideId "34682627"]
[EventCountry "GER"]
[EventRounds "7"]
[EventType "team-swiss"]
[EventDate "2024.12.26"]

1. e4 {[%clk 01:30:57]} {[%emt 00:00:01]} e5 {[%clk 01:30:55]} {[%emt
00:00:06]} 2. Nf3 {[%clk 01:31:18]} {[%emt 00:00:10]} Nc6 {[%clk 01:31:16]}
{[%emt 00:00:08]} 3. Nc3 {[%clk 01:31:38]} {[%emt 00:00:10]} Bc5 {[%clk
01:31:34]} {[%emt 00:00:12]} 4. Nxe5 {[%clk 01:31:58]} {[%emt 00:00:10]} Nxe5
{[%clk 01:31:44]} {[%emt 00:00:20]} 5. d4 {[%clk 01:32:17]} {[%emt 00:00:11]}
Bxd4 {[%clk 01:31:00]} {[%emt 00:01:14]} 6. Qxd4 {[%clk 01:32:30]} {[%emt
00:00:17]} d6 {[%clk 01:29:43]} {[%emt 00:01:48]} 7. Bf4 {[%clk 01:32:36]}
{[%emt 00:00:23]} Qf6 {[%clk 01:29:06]} {[%emt 00:01:07]} 8. Nd5 {[%clk
01:32:41]} {[%emt 00:00:24]} Nd3+ {[%clk 01:27:24]} {[%emt 00:02:14]} 9. Qxd3
{[%clk 01:32:52]} {[%emt 00:00:18]} Qxb2 {[%clk 01:27:30]} {[%emt 00:00:24]}
10. Rd1 {[%clk 01:32:48]} {[%emt 00:00:34]} Kd8 {[%clk 01:26:25]} {[%emt
00:01:35]} 11. Bg5+ {[%clk 01:32:33]} {[%emt 00:00:43]} f6 {[%clk 01:26:12]}
{[%emt 00:00:46]} 12. Be3 {[%clk 01:32:38]} {[%emt 00:00:24]} Qxa2 {[%clk
01:25:46]} {[%emt 00:00:56]} 13. Qc3 {[%clk 01:32:34]} {[%emt 00:00:34]} c6
{[%clk 01:24:58]} {[%emt 00:01:19]} 14. Nb4 {[%clk 01:32:27]} {[%emt 00:00:36]}
Qa5 {[%clk 01:24:36]} {[%emt 00:00:53]} 15. Nxc6+ {[%clk 01:32:40]} {[%emt
00:00:15]} bxc6 {[%clk 01:22:32]} {[%emt 00:02:36]} 16. Qxa5+ {[%clk 01:32:52]}
{[%emt 00:00:17]} Kd7 {[%clk 01:22:19]} {[%emt 00:00:44]} 17. Bc5 {[%clk
01:32:43]} {[%emt 00:00:37]} Ke7 {[%clk 01:21:03]} {[%emt 00:01:47]} 18. Rxd6
{[%clk 01:32:35]} {[%emt 00:00:37]} Kf7 {[%clk 01:20:12]} {[%emt 00:01:21]} 19.
Qc7+ {[%clk 01:32:34]} {[%emt 00:00:30]} Ne7 {[%clk 01:19:57]} {[%emt
00:00:46]} 20. Rd3 {[%clk 01:32:18]} {[%emt 00:00:46]} Re8 {[%clk 01:19:49]}
{[%emt 00:00:38]} 21. Bxa7 {[%clk 01:32:13]} {[%emt 00:00:35]} Be6 {[%clk
01:19:44]} {[%emt 00:00:36]} 22. Be2 {[%clk 01:32:20]} {[%emt 00:00:23]} Bc4
{[%clk 01:19:27]} {[%emt 00:00:48]} 23. Rd7 {[%clk 01:32:21]} {[%emt 00:00:28]}
Bxe2 {[%clk 01:19:35]} {[%emt 00:00:22]} 24. Kxe2 {[%clk 01:32:37]} {[%emt
00:00:14]} Kf8 {[%clk 01:19:15]} {[%emt 00:00:50]} 25. Bc5 {[%clk 01:32:45]}
{[%emt 00:00:21]} Ra4 {[%clk 01:18:40]} {[%emt 00:01:06]} 26. Bxe7+ {[%clk
01:32:55]} {[%emt 00:00:19]} Kg8 {[%clk 01:18:25]} {[%emt 00:00:46]} 27. Bxf6
{[%clk 01:32:38]} {[%emt 00:00:48]} Rexe4+ {[%clk 01:18:33]} {[%emt 00:00:22]}
28. Kd3 {[%clk 01:32:40]} {[%emt 00:00:26]} gxf6 {[%clk 01:18:08]} {[%emt
00:00:57]} 29. Rd8+ {[%clk 01:32:55]} {[%emt 00:00:14]} Re8 {[%clk 01:18:12]}
{[%emt 00:00:26]} 30. Rxe8# {[%clk 01:32:32]} {[%emt 00:00:09]} 1-0

[Event "DVM U12w 2024"]
[Site "Bad Homburg GER"]
[Date "2024.12.28"]
[Round "3"]
[White "Rempel, Katharina"]
[Black "He, Siqi"]
[Result "0-1"]
[Termination "normal"]
[Board "3.4"]
[WhiteElo "851"]
[BlackElo "870"]
[WhiteClock "01:10:45"]
[BlackClock "01:32:47"]
[WhiteTeam "SV Empor Erfurt"]
[BlackTeam "SchVgg Blankenese 1923"]
[PlyCount "102"]
[WhiteFideId "34682643"]
[BlackFideId "34682708"]
[EventCountry "GER"]
[EventRounds "7"]
[EventType "team-swiss"]
[EventDate "2024.12.26"]

1. d4 {[%clk 01:30:58]} {[%emt 00:00:02]} d5 {[%clk 01:30:52]} {[%emt
00:00:09]} 2. Nc3 {[%clk 01:31:20]} {[%emt 00:00:07]} Nf6 {[%clk 01:31:09]}
{[%emt 00:00:12]} 3. Bf4 {[%clk 01:31:42]} {[%emt 00:00:07]} Bf5 {[%clk
01:31:32]} {[%emt 00:00:08]} 4. f3 {[%clk 01:32:06]} {[%emt 00:00:06]} e6
{[%clk 01:31:44]} {[%emt 00:00:18]} 5. g4 {[%clk 01:32:28]} {[%emt 00:00:07]}
Bg6 {[%clk 01:31:58]} {[%emt 00:00:17]} 6. h4 {[%clk 01:32:50]} {[%emt
00:00:08]} h5 {[%clk 01:31:59]} {[%emt 00:00:29]} 7. gxh5 {[%clk 01:32:59]}
{[%emt 00:00:21]} Nxh5 {[%clk 01:31:59]} {[%emt 00:00:30]} 8. e3 {[%clk
01:32:45]} {[%emt 00:00:44]} Bd6 {[%clk 01:31:29]} {[%emt 00:01:01]} 9. Bxd6
{[%clk 01:32:46]} {[%emt 00:00:29]} Qxd6 {[%clk 01:31:40]} {[%emt 00:00:19]}
10. f4 {[%clk 01:32:34]} {[%emt 00:00:40]} Qb4 {[%clk 01:31:15]} {[%emt
00:00:54]} 11. Qc1 {[%clk 01:30:53]} {[%emt 00:02:10]} Nc6 {[%clk 01:31:00]}
{[%emt 00:00:49]} 12. Nf3 {[%clk 01:28:21]} {[%emt 00:03:01]} Ng3 {[%clk
01:30:39]} {[%emt 00:00:52]} 13. Rg1 {[%clk 01:27:27]} {[%emt 00:01:22]} Nxf1
{[%clk 01:29:41]} {[%emt 00:01:30]} 14. Rxf1 {[%clk 01:27:44]} {[%emt
00:00:13]} Be4 {[%clk 01:27:46]} {[%emt 00:02:26]} 15. a3 {[%clk 01:26:47]}
{[%emt 00:01:26]} Qa5 {[%clk 01:27:29]} {[%emt 00:00:45]} 16. Qd2 {[%clk
01:21:33]} {[%emt 00:05:47]} Bxf3 {[%clk 01:27:20]} {[%emt 00:00:39]} 17. Rxf3
{[%clk 01:21:43]} {[%emt 00:00:19]} Rxh4 {[%clk 01:27:36]} {[%emt 00:00:13]}
18. f5 {[%clk 01:17:11]} {[%emt 00:05:01]} Rh1+ {[%clk 01:27:51]} {[%emt
00:00:16]} 19. Rf1 {[%clk 01:17:18]} {[%emt 00:00:22]} Rxf1+ {[%clk 01:28:14]}
{[%emt 00:00:09]} 20. Kxf1 {[%clk 01:17:42]} {[%emt 00:00:05]} exf5 {[%clk
01:28:34]} {[%emt 00:00:10]} 21. Qd3 {[%clk 01:16:20]} {[%emt 00:01:51]} g6
{[%clk 01:25:28]} {[%emt 00:03:37]} 22. b4 {[%clk 01:14:10]} {[%emt 00:02:40]}
Qb6 {[%clk 01:25:34]} {[%emt 00:00:24]} 23. Na4 {[%clk 01:13:56]} {[%emt
00:00:41]} Qa6 {[%clk 01:25:45]} {[%emt 00:00:23]} 24. Nc5 {[%clk 01:12:30]}
{[%emt 00:01:52]} Qxd3+ {[%clk 01:25:55]} {[%emt 00:00:24]} 25. cxd3 {[%clk
01:12:51]} {[%emt 00:00:09]} O-O-O {[%clk 01:26:10]} {[%emt 00:00:14]} 26. b5
{[%clk 01:12:50]} {[%emt 00:00:31]} Ne7 {[%emt 00:00:23]} 27. b6 {[%clk
01:13:00]} {[%emt 00:00:17]} axb6 {[%clk 01:26:41]} {[%emt 00:00:10]} 28. Na4
{[%clk 01:11:56]} {[%emt 00:01:33]} b5 {[%clk 01:26:55]} {[%emt 00:00:17]} 29.
Nc5 {[%clk 01:12:10]} {[%emt 00:00:14]} Rh8 {[%clk 01:26:56]} {[%emt 00:00:30]}
30. Rb1 {[%clk 01:12:27]} {[%emt 00:00:13]} Rh1+ {[%clk 01:27:17]} {[%emt
00:00:10]} 31. Kg2 {[%clk 01:12:34]} {[%emt 00:00:21]} Rxb1 {[%clk 01:27:36]}
{[%emt 00:00:12]} 32. Kf2 {[%clk 01:10:09]} {[%emt 00:02:53]} Ra1 {[%clk
01:27:33]} {[%emt 00:00:35]} 33. Ke2 {[%clk 01:09:28]} {[%emt 00:01:11]} Rxa3
{[%clk 01:27:46]} {[%emt 00:00:17]} 34. Kd2 {[%clk 01:09:32]} {[%emt 00:00:25]}
g5 {[%clk 01:27:40]} {[%emt 00:00:36]} 35. Ke1 {[%clk 01:07:41]} {[%emt
00:02:20]} Ra2 {[%clk 01:27:56]} {[%emt 00:00:15]} 36. Kf1 {[%clk 01:08:02]}
{[%emt 00:00:09]} g4 {[%clk 01:28:19]} {[%emt 00:00:07]} 37. Nb3 {[%clk
01:08:19]} {[%emt 00:00:11]} g3 {[%clk 01:28:42]} {[%emt 00:00:09]} 38. Nc1
{[%clk 01:08:38]} {[%emt 00:00:10]} Ra1 {[%clk 01:29:05]} {[%emt 00:00:09]} 39.
Kg2 {[%clk 01:08:53]} {[%emt 00:00:14]} Rxc1 {[%clk 01:29:29]} {[%emt
00:00:06]} 40. Kxg3 {[%clk 01:09:14]} {[%emt 00:00:09]} b4 {[%clk 01:29:54]}
{[%emt 00:00:05]} 41. Kf2 {[%clk 01:09:37]} {[%emt 00:00:06]} b3 {[%clk
01:30:18]} {[%emt 00:00:07]} 42. Kf3 {[%clk 01:09:51]} {[%emt 00:00:15]} b2
{[%clk 01:30:43]} {[%emt 00:00:06]} 43. Kf4 {[%clk 01:09:46]} {[%emt 00:00:33]}
b1=Q {[%clk 01:30:51]} {[%emt 00:00:09]} 44. Ke5 {[%clk 01:10:09]} {[%emt
00:00:20]} Qb6 {[%clk 01:31:05]} {[%emt 00:00:16]} 45. e4 {[%clk 01:10:13]}
{[%emt 00:00:26]} Qe6+ {[%clk 01:31:25]} {[%emt 00:00:11]} 46. Kf4 {[%clk
01:10:34]} {[%emt 00:00:08]} Rf1+ {[%clk 01:31:42]} {[%emt 00:00:13]} 47. Kg5
{[%clk 01:10:53]} {[%emt 00:00:10]} Qb6 {[%clk 01:31:42]} {[%emt 00:00:31]} 48.
e5 {[%clk 01:11:05]} {[%emt 00:00:18]} f6+ {[%clk 01:32:03]} {[%emt 00:00:09]}
49. Kh6 {[%clk 01:10:46]} {[%emt 00:00:47]} Rg1 {[%clk 01:32:27]} {[%emt
00:00:09]} 50. exf6 {[%clk 01:10:38]} {[%emt 00:00:38]} Qb2 {[%clk 01:32:47]}
{[%emt 00:00:10]} 51. fxe7 {[%clk 01:10:45]} {[%emt 00:00:23]} Qh2# {[%emt
00:00:08]} 0-1

[Event "DVM U12w 2024"]
[Site "Bad Homburg GER"]
[Date "2024.12.28"]
[Round "3"]
[White "Andreeva, Katharina"]
[Black "Fruth, Julia"]
[Result "1-0"]
[Termination "normal"]
[Board "4.1"]
[WhiteElo "1164"]
[BlackElo "1614"]
[WhiteClock "00:43:57"]
[BlackClock "00:51:42"]
[WhiteTeam "SC Weisse Dame"]
[BlackTeam "USV TU Dresden"]
[PlyCount "45"]
[WhiteFideId "533000905"]
[BlackFideId "34603050"]
[EventCountry "GER"]
[EventRounds "7"]
[EventType "team-swiss"]
[EventDate "2024.12.26"]

1. e4 {[%clk 01:30:57]} {[%emt 00:00:02]} c5 {[%clk 01:30:45]} {[%emt
00:00:15]} 2. d4 {[%clk 01:31:22]} {[%emt 00:00:05]} cxd4 {[%clk 01:30:53]}
{[%emt 00:00:22]} 3. c3 {[%clk 01:31:43]} {[%emt 00:00:09]} d5 {[%clk
01:31:07]} {[%emt 00:00:16]} 4. exd5 {[%clk 01:32:00]} {[%emt 00:00:13]} Qxd5
{[%clk 01:31:18]} {[%emt 00:00:19]} 5. cxd4 {[%clk 01:32:21]} {[%emt 00:00:09]}
Nc6 {[%clk 01:30:53]} {[%emt 00:00:54]} 6. Nf3 {[%clk 01:32:41]} {[%emt
00:00:11]} Bg4 {[%clk 01:28:58]} {[%emt 00:02:24]} 7. Be3 {[%clk 01:26:37]}
{[%emt 00:06:34]} e6 {[%clk 01:26:11]} {[%emt 00:03:18]} 8. Be2 {[%clk
01:25:48]} {[%emt 00:01:17]} Nf6 {[%clk 01:23:23]} {[%emt 00:03:19]} 9. Nc3
{[%clk 01:24:22]} {[%emt 00:01:55]} Qd7 {[%clk 01:21:07]} {[%emt 00:02:47]} 10.
O-O {[%clk 01:22:17]} {[%emt 00:02:36]} Be7 {[%clk 01:20:22]} {[%emt 00:01:15]}
11. h3 {[%clk 01:20:02]} {[%emt 00:02:43]} Bf5 {[%clk 01:13:02]} {[%emt
00:07:52]} 12. Ne5 {[%clk 01:16:00]} {[%emt 00:04:30]} Nxe5 {[%clk 01:07:55]}
{[%emt 00:05:39]} 13. dxe5 {[%clk 01:16:02]} {[%emt 00:00:27]} Qxd1 {[%clk
01:07:52]} {[%emt 00:00:33]} 14. Rfxd1 {[%clk 01:15:57]} {[%emt 00:00:34]} Ne4
{[%clk 01:06:28]} {[%emt 00:01:55]} 15. Bb5+ {[%clk 01:09:55]} {[%emt
00:06:31]} Kf8 {[%clk 01:05:55]} {[%emt 00:01:04]} 16. Rac1 {[%clk 01:07:47]}
{[%emt 00:02:38]} g6 {[%clk 01:01:19]} {[%emt 00:05:06]} 17. Nxe4 {[%clk
00:54:24]} {[%emt 00:13:53]} Bxe4 {[%clk 01:01:23]} {[%emt 00:00:26]} 18. Rd7
{[%clk 00:52:43]} {[%emt 00:02:10]} a6 {[%clk 00:56:51]} {[%emt 00:05:03]} 19.
Ba4 {[%clk 00:48:55]} {[%emt 00:04:16]} Rd8 {[%clk 00:53:31]} {[%emt 00:03:52]}
20. Bh6+ {[%clk 00:47:36]} {[%emt 00:01:47]} Ke8 {[%clk 00:52:46]} {[%emt
00:01:17]} 21. Rxb7+ {[%clk 00:45:20]} {[%emt 00:02:46]} Rd7 {[%clk 00:51:18]}
{[%emt 00:01:58]} 22. Bxd7+ {[%clk 00:43:57]} {[%emt 00:01:52]} Kd8 {[%clk
00:51:42]} {[%emt 00:00:08]} 23. Rc8# {[%emt 00:01:19]} 1-0

[Event "DVM U12w 2024"]
[Site "Bad Homburg GER"]
[Date "2024.12.28"]
[Round "3"]
[White "Glotz, Katharina"]
[Black "Rutschmann, Polly"]
[Result "1-0"]
[Termination "normal"]
[Board "4.2"]
[WhiteElo "1656"]
[BlackElo "1072"]
[WhiteClock "00:41:35"]
[BlackClock "00:53:14"]
[WhiteTeam "USV TU Dresden"]
[BlackTeam "SC Weisse Dame"]
[PlyCount "63"]
[WhiteFideId "34631011"]
[BlackFideId "34621261"]
[EventCountry "GER"]
[EventRounds "7"]
[EventType "team-swiss"]
[EventDate "2024.12.26"]

1. e4 {[%clk 01:30:57]} {[%emt 00:00:03]} e5 {[%clk 01:30:50]} {[%emt
00:00:09]} 2. Nf3 {[%clk 01:31:17]} {[%emt 00:00:12]} Nc6 {[%clk 01:31:04]}
{[%emt 00:00:16]} 3. Bc4 {[%clk 01:31:25]} {[%emt 00:00:22]} Bc5 {[%clk
01:31:19]} {[%emt 00:00:14]} 4. O-O {[%clk 01:29:35]} {[%emt 00:02:21]} d6
{[%clk 01:31:05]} {[%emt 00:00:43]} 5. h3 {[%clk 01:26:35]} {[%emt 00:03:31]}
Bd7 {[%clk 01:30:20]} {[%emt 00:01:12]} 6. d3 {[%clk 01:25:54]} {[%emt
00:01:15]} h6 {[%clk 01:30:30]} {[%emt 00:00:20]} 7. Be3 {[%clk 01:25:38]}
{[%emt 00:00:47]} Bb6 {[%clk 01:29:50]} {[%emt 00:01:08]} 8. Nc3 {[%clk
01:24:46]} {[%emt 00:01:24]} g5 {[%clk 01:29:12]} {[%emt 00:01:07]} 9. Bxb6
{[%clk 01:20:44]} {[%emt 00:04:32]} axb6 {[%clk 01:28:38]} {[%emt 00:01:04]}
10. d4 {[%clk 01:18:55]} {[%emt 00:02:20]} g4 {[%clk 01:27:51]} {[%emt
00:01:15]} 11. hxg4 {[%clk 01:18:35]} {[%emt 00:00:51]} Bxg4 {[%clk 01:27:33]}
{[%emt 00:00:47]} 12. dxe5 {[%clk 01:14:33]} {[%emt 00:04:33]} Nxe5 {[%clk
01:26:15]} {[%emt 00:01:48]} 13. Be2 {[%clk 01:13:20]} {[%emt 00:01:44]} Qf6
{[%clk 01:24:05]} {[%emt 00:02:38]} 14. Nd5 {[%clk 01:09:04]} {[%emt 00:04:48]}
Qd8 {[%clk 01:20:55]} {[%emt 00:03:37]} 15. Nxe5 {[%clk 01:08:32]} {[%emt
00:01:05]} Bxe2 {[%clk 01:20:37]} {[%emt 00:00:48]} 16. Nxf7 {[%clk 01:06:55]}
{[%emt 00:02:07]} Bxd1 {[%clk 01:19:32]} {[%emt 00:01:33]} 17. Nxd8 {[%clk
01:07:17]} {[%emt 00:00:10]} Be2 {[%clk 01:18:55]} {[%emt 00:01:06]} 18. Rfe1
{[%clk 01:06:08]} {[%emt 00:01:40]} Kxd8 {[%clk 01:17:04]} {[%emt 00:02:19]}
19. Rxe2 {[%clk 01:06:13]} {[%emt 00:00:27]} Kd7 {[%clk 01:16:15]} {[%emt
00:01:18]} 20. a3 {[%clk 01:04:49]} {[%emt 00:01:55]} Rh7 {[%clk 01:15:18]}
{[%emt 00:01:19]} 21. e5 {[%clk 01:02:27]} {[%emt 00:02:59]} Re8 {[%clk
01:12:15]} {[%emt 00:03:29]} 22. Rae1 {[%clk 00:54:25]} {[%emt 00:08:36]} Re6
{[%clk 01:10:18]} {[%emt 00:02:18]} 23. Nf4 {[%clk 00:51:54]} {[%emt 00:03:10]}
Re8 {[%clk 01:08:54]} {[%emt 00:01:47]} 24. Nd3 {[%clk 00:47:48]} {[%emt
00:04:44]} Rhe7 {[%clk 01:07:12]} {[%emt 00:02:09]} 25. f4 {[%clk 00:46:28]}
{[%emt 00:01:53]} c5 {[%clk 01:05:01]} {[%emt 00:02:40]} 26. f5 {[%clk
00:45:22]} {[%emt 00:01:36]} c4 {[%clk 01:04:33]} {[%emt 00:00:56]} 27. e6+
{[%clk 00:45:44]} {[%emt 00:00:11]} Kc7 {[%clk 01:03:43]} {[%emt 00:01:15]} 28.
Nf4 {[%clk 00:46:01]} {[%emt 00:00:17]} Kc6 {[%clk 01:01:57]} {[%emt 00:02:12]}
29. Nh5 {[%clk 00:42:27]} {[%emt 00:04:09]} Rf8 {[%clk 00:59:44]} {[%emt
00:02:43]} 30. Rf1 {[%clk 00:42:12]} {[%emt 00:00:45]} Kd5 {[%clk 00:58:26]}
{[%emt 00:01:47]} 31. f6 {[%clk 00:42:06]} {[%emt 00:00:37]} Rc7 {[%clk
00:53:14]} {[%emt 00:05:40]} 32. e7 {[%clk 00:41:35]} {[%emt 00:01:03]} 1-0

[Event "DVM U12w 2024"]
[Site "Bad Homburg GER"]
[Date "2024.12.28"]
[Round "3"]
[White "Helbig, Frieda"]
[Black "Elsayed Esam, Sally"]
[Result "0-1"]
[Termination "normal"]
[Board "4.3"]
[WhiteElo "1442"]
[BlackElo "1563"]
[WhiteClock "01:33:29"]
[BlackClock "01:33:14"]
[WhiteTeam "SC Weisse Dame"]
[BlackTeam "USV TU Dresden"]
[PlyCount "106"]
[WhiteFideId "533010161"]
[BlackFideId "34662170"]
[EventCountry "GER"]
[EventRounds "7"]
[EventType "team-swiss"]
[EventDate "2024.12.26"]

1. e4 {[%clk 01:30:57]} {[%emt 00:00:02]} d6 {[%clk 01:30:51]} {[%emt
00:00:10]} 2. d4 {[%clk 01:31:13]} {[%emt 00:00:14]} Nf6 {[%clk 01:30:59]}
{[%emt 00:00:22]} 3. Nc3 {[%clk 01:31:30]} {[%emt 00:00:13]} g6 {[%clk
01:31:09]} {[%emt 00:00:20]} 4. Nf3 {[%clk 01:31:48]} {[%emt 00:00:12]} Bg7
{[%clk 01:31:26]} {[%emt 00:00:13]} 5. Bc4 {[%clk 01:31:59]} {[%emt 00:00:18]}
O-O {[%clk 01:31:42]} {[%emt 00:00:16]} 6. O-O {[%clk 01:32:08]} {[%emt
00:00:21]} Nbd7 {[%clk 01:30:24]} {[%emt 00:01:47]} 7. Bd2 {[%clk 01:32:02]}
{[%emt 00:00:35]} e6 {[%clk 01:30:32]} {[%emt 00:00:23]} 8. Qc1 {[%clk
01:32:15]} {[%emt 00:00:16]} b6 {[%clk 01:30:26]} {[%emt 00:00:36]} 9. Bh6
{[%clk 01:32:26]} {[%emt 00:00:19]} Bb7 {[%clk 01:30:33]} {[%emt 00:00:24]} 10.
Bxg7 {[%clk 01:32:31]} {[%emt 00:00:25]} Kxg7 {[%clk 01:30:54]} {[%emt
00:00:11]} 11. e5 {[%clk 01:31:18]} {[%emt 00:01:41]} dxe5 {[%clk 01:30:25]}
{[%emt 00:00:59]} 12. dxe5 {[%clk 01:31:35]} {[%emt 00:00:15]} Bxf3 {[%clk
01:30:01]} {[%emt 00:00:54]} 13. exf6+ {[%clk 01:31:33]} {[%emt 00:00:31]} Qxf6
{[%clk 01:29:47]} {[%emt 00:00:45]} 14. Qe3 {[%clk 01:30:25]} {[%emt 00:01:32]}
Ne5 {[%clk 01:28:17]} {[%emt 00:02:06]} 15. Rfe1 {[%clk 01:30:19]} {[%emt
00:00:36]} Nxc4 {[%clk 01:28:18]} {[%emt 00:00:28]} 16. Qxf3 {[%clk 01:30:19]}
{[%emt 00:00:29]} Qxf3 {[%clk 01:28:38]} {[%emt 00:00:12]} 17. gxf3 {[%clk
01:30:38]} {[%emt 00:00:11]} Nxb2 {[%clk 01:28:53]} {[%emt 00:00:15]} 18. Nb5
{[%clk 01:30:30]} {[%emt 00:00:37]} c6 {[%clk 01:28:42]} {[%emt 00:00:40]} 19.
Nd6 {[%clk 01:30:37]} {[%emt 00:00:23]} Rad8 {[%clk 01:28:34]} {[%emt
00:00:27]} 20. Ne4 {[%clk 01:30:56]} {[%emt 00:00:23]} Rd7 {[%clk 01:27:57]}
{[%emt 00:01:06]} 21. f4 {[%clk 01:30:51]} {[%emt 00:00:37]} Rfd8 {[%clk
01:28:04]} {[%emt 00:00:22]} 22. Kg2 {[%clk 01:30:06]} {[%emt 00:01:16]} Rd1
{[%clk 01:28:20]} {[%emt 00:00:13]} 23. Nc3 {[%clk 01:28:39]} {[%emt 00:01:56]}
Rxa1 {[%clk 01:28:14]} {[%emt 00:00:38]} 24. Rxa1 {[%clk 01:28:56]} {[%emt
00:00:12]} Rd2 {[%clk 01:28:27]} {[%emt 00:00:16]} 25. f5 {[%clk 01:28:51]}
{[%emt 00:00:36]} exf5 {[%clk 01:28:05]} {[%emt 00:00:41]} 26. Rb1 {[%clk
01:28:50]} {[%emt 00:00:42]} Rxc2 {[%emt 00:00:24]} 27. Nd1 {[%clk 01:28:53]}
{[%emt 00:00:22]} Nxd1 {[%clk 01:28:33]} {[%emt 00:00:12]} 28. Rxd1 {[%clk
01:29:08]} {[%emt 00:00:16]} Rxa2 {[%clk 01:29:00]} {[%emt 00:00:03]} 29. Rd7
{[%clk 01:29:26]} {[%emt 00:00:12]} a5 {[%clk 01:29:26]} {[%emt 00:00:04]} 30.
Rc7 {[%clk 01:29:45]} {[%emt 00:00:11]} c5 {[%clk 01:29:45]} {[%emt 00:00:11]}
31. Rb7 {[%clk 01:30:07]} {[%emt 00:00:08]} Rb2 {[%clk 01:30:12]} {[%emt
00:00:03]} 32. Kf3 {[%clk 01:30:21]} {[%emt 00:00:16]} a4 {[%clk 01:30:37]}
{[%emt 00:00:04]} 33. Ra7 {[%clk 01:30:44]} {[%emt 00:00:06]} b5 {[%clk
01:30:58]} {[%emt 00:00:10]} 34. Ra5 {[%clk 01:31:05]} {[%emt 00:00:09]} c4
{[%clk 01:31:18]} {[%emt 00:00:10]} 35. Ke3 {[%clk 01:31:27]} {[%emt 00:00:08]}
Rb3+ {[%clk 01:31:22]} {[%emt 00:00:25]} 36. Kd2 {[%clk 01:31:39]} {[%emt
00:00:20]} a3 {[%clk 01:27:26]} {[%emt 00:04:25]} 37. Kc2 {[%clk 01:31:59]}
{[%emt 00:00:10]} b4 {[%clk 01:27:35]} {[%emt 00:00:20]} 38. Ra4 {[%clk
01:32:20]} {[%emt 00:00:09]} h5 {[%clk 01:27:42]} {[%emt 00:00:24]} 39. h4
{[%clk 01:32:43]} {[%emt 00:00:08]} f6 {[%clk 01:28:04]} {[%emt 00:00:08]} 40.
f4 {[%clk 01:32:59]} {[%emt 00:00:14]} Kh6 {[%clk 01:28:23]} {[%emt 00:00:11]}
41. Kc1 {[%clk 01:33:08]} {[%emt 00:00:21]} Rb2 {[%clk 01:28:38]} {[%emt
00:00:15]} 42. Kd1 {[%clk 01:31:41]} {[%emt 00:01:56]} a2 {[%clk 01:28:50]}
{[%emt 00:00:19]} 43. Kc1 {[%clk 01:32:02]} {[%emt 00:00:09]} c3 {[%clk
01:29:07]} {[%emt 00:00:13]} 44. Kd1 {[%clk 01:32:18]} {[%emt 00:00:14]} Rb1+
{[%clk 01:29:22]} {[%emt 00:00:14]} 45. Kc2 {[%clk 01:32:22]} {[%emt 00:00:27]}
a1=Q {[%clk 01:29:15]} {[%emt 00:00:38]} 46. Rxa1 {[%clk 01:32:37]} {[%emt
00:00:14]} Rxa1 {[%clk 01:29:37]} {[%emt 00:00:05]} 47. Kb3 {[%clk 01:33:01]}
{[%emt 00:00:08]} Rb1+ {[%clk 01:30:02]} {[%emt 00:00:06]} 48. Kc4 {[%clk
01:33:17]} {[%emt 00:00:14]} c2 {[%clk 01:30:24]} {[%emt 00:00:08]} 49. Kd3
{[%clk 01:33:42]} c1=Q {[%clk 01:30:43]} {[%emt 00:00:16]} 50. Kd4 {[%clk
01:33:20]} {[%emt 00:04:28]} Qd1+ {[%clk 01:32:04]} {[%emt 00:00:51]} 51. Ke3
{[%clk 01:33:01]} {[%emt 00:00:48]} Rb3+ {[%clk 01:32:23]} {[%emt 00:00:12]}
52. Kf2 {[%clk 01:33:14]} {[%emt 00:00:17]} Qc2+ {[%clk 01:32:46]} {[%emt
00:00:08]} 53. Ke1 {[%clk 01:33:29]} {[%emt 00:00:14]} Rb1# {[%clk 01:33:14]}
{[%emt 00:00:03]} 0-1